| 000 | 02425nam0a2200445 4500 | ||
|---|---|---|---|
| 001 | RU\NLR\bibl\1520369 | ||
| 005 | 20260406141037.0 | ||
| 010 | _a978-5-98862-061-7 | ||
| 021 |
_aRU _b2010-34131 _92284 |
||
| 035 | _a(NLR Aleph) 001511733 | ||
| 090 |
_a84818 _c84818 |
||
| 100 | _a20100512d2010 |||y0rusy50 ca | ||
| 101 | 0 | _arus | |
| 102 | _aRU | ||
| 105 | _aa ||||||||| | ||
| 200 | 1 |
_aС секундантами и без... _eубийства, которые потрясли Россию: Грибоедов. Пушкин. Лермонтов _fЛеонид Аринштейн |
|
| 210 |
_aМосква _cГрифон _d2010 |
||
| 215 |
_a189, [2] с., [12] л. ил., портр. _cил., портр., факс. _d21 |
||
| 300 | _aНа 4-й с. обл. авт.: Л.М. Аринштейн, ученый-филолог, историк культуры, писатель | ||
| 320 | _aДр. произведения авт. на 4-й с. обл. | ||
| 320 | _aБиблиогр. в подстроч. примеч. | ||
| 600 | 1 |
_aГрибоедов _bА.С. _f1795 - 1829 _gАлександр Сергеевич _xБиография _9947984 _3RU\NLR\auth\66351859 |
|
| 600 | 1 |
_aПушкин _bА. С. _f1799 - 1837 _gАлександр Сергеевич _xБиография _xДуэль и смерть _92016184 _3RU\NLR\auth\66927426 |
|
| 600 | 1 |
_aЛермонтов _bМ.Ю. _f1814 - 1841 _gМихаил Юрьевич _xБиография _91542688 _3RU\NLR\auth\66672972 |
|
| 686 | _aШ5(2=Р)51-4Грибоедов23 | ||
| 686 | _aШ5(2=Р)51-4Пушкин23 | ||
| 686 | _aШ5(2=Р)51-4Лермонтов23 | ||
| 700 | 1 |
_aАринштейн _bЛ. М. _gЛеонид Матвеевич _4070 |
|
| 702 | 1 |
_4570 _7ca _8rus _aГрибоедов _bА. С. _f1795-1829 _gАлександр Сергеевич _9113290 _3RU\NLR\auth\773285 |
|
| 702 | 1 |
_4570 _7ca _8rus _aПушкин _bА. С. _cпоэт _f1799-1837 _gАлександр Сергеевич _9110441 _3RU\NLR\auth\77386 |
|
| 702 | 1 |
_4570 _7ca _8rus _aЛермонтов _bМ. Ю. _cпоэт _f1814-1841 _gМихаил Юрьевич _9110383 _3RU\NLR\auth\77328 |
|
| 801 | 0 |
_aRU _bNLR _c20100512 _gRCR |
|
| 801 | 1 |
_aRU _bNLR _c20100512 |
|
| 830 | _aавт. по кн. | ||
| 942 | _cBOOK | ||
| 980 | _aNB | ||